000 00653nam a2200253Ia 4500
005 20260121154723.0
008 008 260114s9999 xx 000 0 eng d
020 _a9780429353147
037 _aEBOOK
040 _aCRL
040 _beng
040 _cCRL
041 _2eng
041 _aeng
084 _qCRL
100 _a Ana Garcia-Nevarez; Kimberly A. Gordon Biddle
_91010669
245 0 _aDevelopmentally Appropriate Curriculum and Instruction
260 _bTaylor and Francis
260 _c2021
856 _uhttp://www.taylorfrancis.com/books/9780429353147
942 _cEBOOK
999 _c1577490
_d1577490